000 00489nam a2200181Ia 4500
008 230524s9999 xx 000 0 und d
020 _a9788126512560
082 _a519.6
_bRAV
100 _aA.Ravindran
245 0 _aOperations Research: Principles and Practice
250 _a1ST
260 _aSINGAPORE
_bJohn Wiley & Sons
_c2005
300 _aXVIII;629
500 _aQuantity Number: 92
650 _aMathematics
700 _a" Don T.Phillips, James J.Solberg,,,"
942 _cBK
999 _c30278
_d30278